| 000 | 00456cam a2200181ua 4500 | ||
|---|---|---|---|
| 001 | 10548 | ||
| 008 | 190315n ii |||gr||||Z||||||eng | ||
| 020 | _a9780521543057 | ||
| 040 | _cMAIN | ||
| 082 | _a320.954 | ||
| 100 |
_aPaul R Brass, _eAuthor. |
||
| 245 | _aThe politics of india since independence | ||
| 250 | _a2nd rep. | ||
| 260 |
_aNew Delhi: _bCambridge university press, _c2018. |
||
| 300 | _a403p. | ||
| 653 | _aPolitical science | ||
| 942 | _cBK | ||
| 999 |
_c9521 _d9521 |
||